Bitwy II wojny światowej-nagła śmierć część 2 - Statystyki

Ogólne statystyki
  • Ten quiz został rozwiązany 134 razy
  • Średni wynik to 5 z 9
Answers on the Grid
Answers color-coded by a green-red scale on the quiz's grid according to % correct below.
bitwa pod Ostrołęką
bitwa o Lenino
bitwa Brodino
lądowanie w Normandii
bitwa o Guadalcanal
bitwa pod Budziszynem
bitwa pod Kaniowem
bitwa pod Kircholmem
bitwa o Tobruk
bitwa pod Wiedniem
bitwa pod Gorlicami
bitwa o Okinawę
bitwa o twierdzę Osowiec
bitwa o Arhem
bitwa pod Falise
bitwa pod Zieleńcami
bitwa o Dunkierk
bitwa pod Naseby
bitwa pod Oliwą
 
Statystyki odpowiedzi
Odpowiedź % Poprawnych
lądowanie w Normandii
92%
bitwa o Tobruk
69%
bitwa o Dunkierk
66%
bitwa o Okinawę
64%
bitwa o Lenino
58%
bitwa o Arhem
53%
bitwa o Guadalcanal
46%
bitwa pod Falise
39%
bitwa pod Budziszynem
20%
Nie znaleziono quizów pasujących do podanych kryteriów
Rozkład punktacji
Procent ludzi z każdym wynikiem
Percentyl według liczby udzielonych odpowiedzi
Twoja historia wyników
Nie rozwiązałeś tego quizu